Teória a prax obnovy strojov

Definícia a vymedzenie obnovy. Teória obnovy. Cesty modernizácie a rekonštrukcie.

Salvato in:
Dettagli Bibliografici
Autore principale: Valenčík, Štefan
Altri autori: Bosák, Martin, 1967-
Natura: Capitolo di libro
Lingua:slovacco
Soggetti:
Tags: Aggiungi Tag
Nessun Tag, puoi essere il primo ad aggiungerne!!

MARC

LEADER 00000naa a2200000 4500
001 0162112
005 20240502072817.0
041 0 |a slo 
044 |a SK 
245 1 0 |a Teória a prax obnovy strojov  |c Štefan Valenčík, Martin Bosák 
520 |a Definícia a vymedzenie obnovy. Teória obnovy. Cesty modernizácie a rekonštrukcie. 
610 2 0 |a obnova prevádzky 
610 2 0 |a stroje 
610 2 0 |a prosperita ekonomická 
610 2 0 |a podnik 
610 2 0 |a výkony podnikové 
610 2 0 |a údržba 
100 1 |a Valenčík, Štefan 
700 1 |a Bosák, Martin, 1967-